000 00210 a2200097 4500
001 27891
100 _aHamlyn,
245 _aEncyclopedia of the world in colour
260 _a
_bHamlyn
_c
090 _c18628
_d18628
942 _aNUST-CAE
_cM
_c9589
999 _c262964
_d262964